000 00329nam a2200133Ia 4500
008 220217s9999||||xx |||||||||||||| ||und||
020 _a81-7808-893-2
082 _a004.67 STA
100 _aStart, Kick
_93438
245 0 _aJava APIs for XML
260 _aPearson education
_bDelhi
_c2003
300 _b240
650 _aWWW
999 _c171912
_d171912